[Event "Czech Open A"]
[Site "Pardubice CZE"]
[Date "2006.07.25"]
[Round "5"]
[White "Kasparov,S"]
[Black "Zawadzka,J"]
[Result "1-0"]
[WhiteElo "2491"]
[BlackElo "2378"]

1.e4 c5 2.Nf3 Nc6 3.Bb5 g6 4.Bxc6 dxc6 5.d3 Bg7 6.h3 Nf6 7.Nc3 O-O 8.Be3 b6
9.Qd2 e5 10.Bh6 Qd6 11.Bxg7 Kxg7 12.O-O Ne8 13.b3 Nc7 14.Nh2 Ne6 15.Ne2 Nd4
16.Nxd4 cxd4 17.f4 c5 18.a4 Bd7 19.f5 gxf5 20.exf5 Kh8 21.Rae1 f6 22.Ng4 Rf7
23.Qh6 Qf8 24.Qh5 Re8 25.Nf2 Bc6 26.Ne4 Rg7 27.Rf2 Bxe4 28.Rxe4 Rg5 29.Qf3 Qh6
30.g4 Reg8 31.Rg2 R5g7 32.Kh2 Qc1 33.h4 Qh6 34.Qh3 Qc1 35.Rf2 Qd1 36.g5 fxg5
37.f6 Rf7 38.Rg4 Qe1 39.Qg2 h6 40.Rf1 Qc3 41.Kg1 e4 42.hxg5 Rxg5 43.Rxg5 hxg5
44.Qxe4 Rf8 45.Qg6  1-0

[Event "Czech Open A"]
[Site "Pardubice CZE"]
[Date "2006.07.25"]
[Round "5"]
[White "Haba,P"]
[Black "Lintchevski,D"]
[Result "1-0"]
[WhiteElo "2514"]
[BlackElo "2429"]

1.e4 c5 2.Nf3 Nc6 3.Bb5 Nf6 4.Bxc6 dxc6 5.d3 g6 6.h3 Bg7 7.Nc3 Nd7 8.Be3 e5
9.Qd2 h6 10.O-O Qe7 11.a3 b6 12.Na2 Ba6 13.Rfe1 Rd8 14.b4 c4 15.a4 cxd3 16.cxd3 Nf6
17.b5 cxb5 18.Qb4 Bf8 19.Qxe7+ Bxe7 20.Nxe5 bxa4 21.Nc6 Rc8 22.Nxa7 Rc7 23.Bxb6 Rb7
24.Bd4 Rd7 25.Nc6 Bb7 26.e5 Nh5 27.e6 Rxd4 28.exf7+ Kd7 29.Rxe7+ Kxc6 30.Rc1+ Kd6
31.Rxb7 Rf8 32.Nb4 Ke6 33.Rb6+ Kd7 34.Rb7+ Ke6 35.Rb6+ Kd7 36.Nc6 Rd6 37.Nb8+ Ke6
38.Re1+ Kd5 39.Rb5+ Kd4 40.Rb7 a3 41.Re4+ Kxd3 42.Ra4 Nf6 43.Rxa3+ Kc4 44.Re7 Kb4
45.Ra1 Kb3 46.Rb1+ Ka2 47.Rb5 Rd3 48.Nc6 Rd7 49.Rxd7 Nxd7 50.Ne5 Nxe5 51.Rxe5 Rxf7
52.Re6 Rg7 53.Rb6 Ka3 54.f4 Ka4 55.f5 gxf5 56.Rxh6 Kb5 57.Rh5 Rf7 58.Kf2 Kc5
59.Kf3 Kd5 60.Kf4 Ke6 61.Rh6+ Ke7 62.Rg6 Rf8 63.g3 Rh8 64.h4 Rf8 65.h5 Rf7
66.h6 Rf8 67.h7 Rh8 68.Rh6 Kf7 69.Kxf5 Kg7 70.Ra6  1-0

[Event "Dutch Open"]
[Site "Dieren NED"]
[Date "2006.07.26"]
[Round "2"]
[White "Valenti,G"]
[Black "Bloemhard,R"]
[Result "1-0"]
[WhiteElo "2273"]
[BlackElo "2092"]

1.e4 c5 2.Nf3 Nc6 3.Bb5 d6 4.h3 e5 5.O-O g5 6.d4 cxd4 7.Bxg5 Be7 8.Bxe7 Nxe7
9.c3 Rg8 10.Kh2 Qb6 11.Na3 Kf8 12.cxd4 exd4 13.Qd2 Qc5 14.Qh6+ Rg7 15.Rac1 Qb4
16.Bxc6 bxc6 17.Nc2 Qxb2 18.Ncxd4 Ba6 19.Rc2 Qa3 20.Re1 Kg8 21.Re3 Qa4 22.Qxd6 c5
23.Qxc5 Qd7 24.Ne5 Qe8 25.Nf5 Nxf5 26.exf5 Bb7 27.Nc6 Qd7 28.f6 Rc8 29.Ne7+ Qxe7
30.Qxc8+  1-0

[Event "Summer Cup"]
[Site "Litohoro GRE"]
[Date "2006.07.26"]
[Round "5"]
[White "Tzermiadianos,And"]
[Black "Parginos,V"]
[Result "1-0"]
[WhiteElo "2462"]
[BlackElo "2177"]

1.e4 c5 2.Nf3 Nc6 3.Bb5 e6 4.O-O Nge7 5.b3 Ng6 6.Bb2 f6 7.Re1 Be7 8.c3 O-O
9.d4 d6 10.Nbd2 Qc7 11.Bf1 e5 12.Nc4 Nf4 13.Ne3 f5 14.Nxf5 g6 15.Ne3 Bf6
16.Nd5 Qg7 17.Nxf4 exf4 18.e5 dxe5 19.dxe5 Be7 20.e6 g5 21.Qd5 Kh8 22.Bb5 g4
23.Ne5 c4 24.Nf7+ Kg8 25.Bxc4 g3 26.fxg3 fxg3 27.h3 b5 28.Bxb5  1-0

[Event "Czech Open A"]
[Site "Pardubice CZE"]
[Date "2006.07.26"]
[Round "6"]
[White "Meier,Geo"]
[Black "Ejsmont,K"]
[Result "0-1"]
[WhiteElo "2450"]
[BlackElo "2348"]

1.e4 c5 2.Nf3 Nc6 3.Bb5 g6 4.Bxc6 dxc6 5.d3 Bg7 6.h3 Nf6 7.Nc3 Nd7 8.Be3 e5
9.Qd2 h6 10.O-O Qe7 11.Nh2 Nf8 12.f4 exf4 13.Rxf4 Ne6 14.Rf2 Nd4 15.Raf1 Be6
16.Ne2 Nxe2+ 17.Rxe2 b6 18.b3 O-O-O 19.Qe1 Be5 20.Nf3 Bb8 21.d4 g5 22.dxc5 b5
23.Bd4 f6 24.Qa5 Kb7 25.a4 Rxd4 26.Nxd4 Qxc5 27.Rd1 Be5 28.c3 Bxb3 29.axb5 cxb5
30.Ra1 Bc4 31.Qa6+ Ka8 32.Rb2 Rc8 33.Qa3 Qxa3 34.Rxa3 Rc5 35.Nf3 Bc7 36.Rd2 Bb6
37.Kh2 Rc7 38.Rd8+ Kb7 39.Rh8 Bc5 40.Ra1 Bd6+ 41.Kg1 Bd3 42.Rxh6 Rxc3 43.Rxf6 Bc5+
44.Kh2 b4 45.Rf7+ Ka8 46.e5 b3 47.Rd1 b2 48.Nxg5 b1=Q 49.Rxb1 Bxb1 50.g4 a5
51.e6 Re3 52.Rf1 Bc2 53.Rf2 Bd3 54.Ra2 Bb4 55.h4 Re2+ 56.Rxe2 Bxe2 57.h5 a4
58.h6 Bd3  0-1

[Event "Czech Open A"]
[Site "Pardubice CZE"]
[Date "2006.07.26"]
[Round "6"]
[White "Vazirova,K"]
[Black "Havlik,Ja"]
[Result "1-0"]
[WhiteElo "2105"]
[BlackElo "2289"]

1.e4 c5 2.Nf3 Nc6 3.Bb5 g6 4.O-O Bg7 5.c3 e6 6.d4 cxd4 7.cxd4 d5 8.e5 Ne7
9.Nc3 O-O 10.Bg5 f6 11.exf6 Bxf6 12.Bxf6 Rxf6 13.Re1 Qb6 14.Qd2 Rxf3 15.gxf3 Nxd4
16.Qd3 Nef5 17.Rad1 Nh4 18.Kh1 Ndxf3 19.Re3 Ng5 20.Nxd5 exd5 21.Qxd5+ Nf7
22.Bc4 Qf6 23.Qxf7+ Qxf7 24.Re8+ Kg7 25.Bxf7 Kxf7 26.Rdd8 Bd7 27.Rf8+  1-0

[Event "1st It"]
[Site "Almeria ESP"]
[Date "2006.07.27"]
[Round "5"]
[White "Salmeron Cerdan,A"]
[Black "Weber,Franc ESP"]
[Result "0-1"]
[WhiteElo "1929"]
[BlackElo "2023"]

1.e4 c5 2.Nf3 Nc6 3.Bb5 Na5 4.O-O a6 5.Be2 d6 6.d4 cxd4 7.Nxd4 e5 8.Nf3 Nf6
9.Nc3 Be7 10.a4 Be6 11.Re1 Rc8 12.Bf1 Qc7 13.Bd3 h6 14.Nd2 Qb6 15.Nf1 O-O
16.Ne3 Nc4 17.Ncd5 Bxd5 18.Nxd5 Nxd5 19.Bxc4 Rxc4 20.exd5 f5 21.b3 Rh4 22.Be3 Qd8
23.f3 f4 24.Bf2 Rh5 25.Qd3 Bh4 26.Re2 Bxf2+ 27.Rxf2 Qh4 28.h3 Qg3 29.Kf1 Rg5
30.Re1 Qh2 31.g4 Qxh3+ 32.Rg2 h5 33.Kg1 hxg4 34.Rf1 g3  0-1

[Event "Dutch Open"]
[Site "Dieren NED"]
[Date "2006.07.27"]
[Round "3"]
[White "Van den Doel,E"]
[Black "Roy Chowdhury,S"]
[Result "0-1"]
[WhiteElo "2577"]
[BlackElo "2394"]

1.e4 c5 2.Nf3 Nc6 3.Bb5 Qb6 4.Ba4 e6 5.O-O Nge7 6.Na3 Ng6 7.c3 Be7 8.Nc4 Qa6
9.Bb3 O-O 10.d4 d6 11.Re1 Na5 12.Nxa5 Qxa5 13.Be3 Qc7 14.Nd2 Bd7 15.f4 b5
16.Qh5 Rfd8 17.f5 Nf8 18.Rf1 c4 19.Bc2 e5 20.d5 f6 21.Rf3 Be8 22.Qh4 Rd7
23.g4 Bd8 24.Kh1 Rf7 25.a3 a5 26.Qf2 Rb8 27.h4 h6 28.Rg3 Nh7 29.Nf3 b4 30.axb4 axb4
31.Qd2 bxc3 32.Qxc3 Qb7 33.Ra2 Bb6 34.g5 fxg5 35.hxg5 hxg5 36.Nxg5 Nxg5 37.Bxg5 Ra8
38.Rxa8 Qxa8 39.Qa3 Ra7 40.Qxd6 Bf2 41.Ra3 Bd4 42.Qe7 Bf7 43.d6 Rxa3 44.d7 Rh3+
45.Kg2 Qa1 46.d8=Q+ Kh7 47.Kxh3 Qf1+ 48.Kh2 Bg1+ 49.Kg3 Bf2+ 50.Kg4 Qg2+  0-1

[Event "Czech Open A"]
[Site "Pardubice CZE"]
[Date "2006.07.27"]
[Round "7"]
[White "Molchanova,T"]
[Black "Bosiocic,Mari"]
[Result "0-1"]
[WhiteElo "2334"]
[BlackElo "2433"]

1.e4 c5 2.Nf3 Nc6 3.Bb5 d6 4.O-O Bd7 5.c3 Nf6 6.Re1 a6 7.Ba4 c4 8.Bc2 e5
9.d3 cxd3 10.Qxd3 Be7 11.Bg5 Be6 12.Nbd2 Qc7 13.Bxf6 Bxf6 14.Nc4 Rd8 15.Ne3 g6
16.Bb3 Rd7 17.Rad1 O-O 18.Nd5 Bxd5 19.Bxd5 Qb6 20.b3 Kg7 21.Nd2 Ne7 22.Nc4 Qc7
23.Re3 b5 24.Nb2 Bg5 25.Rf3 Rdd8 26.a4 bxa4 27.Qe2 f5 28.Rdd3 Rf6 29.Nd1 Rdf8
30.Ne3 Bxe3 31.fxe3 Nc8 32.Qe1 a5 33.Qh4 Ne7 34.Rd1 Qa7 35.Rdf1 h6 36.Kh1 g5
37.Qh5 f4 38.h4 Rg6 39.hxg5 Rxg5 40.Qh3 Ng6 41.g3 Rxg3 42.Rxg3 fxg3 43.Rxf8 Nxf8
44.Qxg3+ Ng6 45.Qg4 h5 46.Qxh5 Qxe3 47.Qg4 Qe1+ 48.Kh2 Qf2+ 49.Kh1 Qf1+ 50.Kh2 Qf4+
51.Kh3 Kf6 52.Qe6+ Kg5 53.Qg8 Qg4+ 54.Kh2 Kf4 55.Be6 Qg3+ 56.Kh1 Kf3  0-1

[Event "Czech Open A"]
[Site "Pardubice CZE"]
[Date "2006.07.27"]
[Round "7"]
[White "Kabanov,N"]
[Black "Klima,L"]
[Result "1/2-1/2"]
[WhiteElo "2514"]
[BlackElo "2443"]

1.e4 c5 2.Nf3 Nc6 3.Bb5 g6 4.O-O Bg7 5.Re1 Nf6 6.e5 Nd5 7.Bxc6 dxc6 8.d4 cxd4
9.Qxd4 h6 10.Qh4 Bf5 11.Na3 e6 12.Qg3 O-O 13.Nd4 Ne7 14.c3 Qd5 15.h4 a6 16.Bf4 c5
17.Nb3 c4 18.Rad1 Bd3 19.Nc1 Rfd8 20.Qh3 b5 21.Nc2 Nc6 22.Qg3 h5 23.Re3 Bxc2
24.Rxd5 Rxd5 25.Ne2 Bf5 26.Kh2 Rad8 27.Ng1 Rd1 28.Bg5 R8d5 29.Nf3 Rb1 30.Re2 Bg4
31.Bf6 Bh6 32.Bg5 Bxg5 33.hxg5 Rdd1 34.Qf4 Ne7 35.Re1 Rxe1 36.Nxe1 Rxe1 37.f3 Bf5
38.Qd2 Rb1 39.Qd8+ Kg7 40.Qxe7 Rxb2 41.Qa3 Rc2 42.Kg3 h4+ 43.Kxh4 Rxg2 44.Qxa6 Rc2
45.Qa5 Rb2 46.Qa3 Rg2 47.Qb4 Rxa2 48.Qxb5 Bd3 49.Kg3 Ra8 50.Qb6 Rh8 51.Kf4 Rh3
52.Ke3 Rh8 53.Qd6 Ra8 54.Qc7 Ra2 55.Qd8 Re2+ 56.Kd4 Rd2 57.Kc5 Rd1 58.Qf6+ Kf8
59.f4 Ra1 60.Qd8+ Kg7 61.Kd6 Be4 62.Qc7 Ra6+ 63.Ke7 Bd5 64.Qc5 Ra8 65.Kd7 Ra6
66.Qd4 Ra8 67.Ke7 Rh8 68.Qa7 Ra8 69.Qb6 Rc8 70.Kd7 Rh8 71.Qa7 Ra8 72.Qc5 Rb8
73.Kc7 Rb3 74.Qa5 Rb7+ 75.Kc8 Rb3 76.Kc7 Rb7+ 77.Kd6 Rb8 78.Qc7 Re8 79.Qd7 Rb8
80.Qe7 Rb6+ 81.Kc5 Rb7 82.Qf6+ Kg8 83.Kd6 Ra7 84.Qd8+ Kg7 85.Qb6 Ra8 86.Ke7 Rh8
87.Qd4 Rh3 88.Qc5 Rh8 89.Qb5 Ra8 90.Qb6 Rh8 91.Qc5 Ra8 92.Qf2 Rh8 93.Qe2 Ra8
94.Qf2 Rh8 95.Qd4 Rh3 96.Qd2 Rh8 97.f5 gxf5 98.g6 fxg6 99.Qg5 Ra8 100.Qf6+ Kh6
101.Qh4+ Kg7 102.Qf6+ Kh6  1/2-1/2

[Event "10th Battle of Senta 1697 Open"]
[Site "Senta SCG"]
[Date "2006.07.27"]
[Round "8"]
[White "Dragovic,M"]
[Black "Mirkovic,St"]
[Result "1-0"]
[WhiteElo "2389"]
[BlackElo "2214"]

1.e4 c5 2.Nf3 Nc6 3.Bb5 g6 4.O-O Bg7 5.c3 e5 6.d4 exd4 7.Bg5 Qb6 8.Na3 Nge7
9.Nc4 Qc7 10.cxd4 cxd4 11.Qa4 O-O 12.Qa3 f6 13.Bh4 d5 14.Bg3 Qd8 15.exd5 Qxd5
16.Nd6 Qh5 17.Bc4+ Kh8 18.Nf7+ Kg8 19.Rfe1 Nd5 20.N3g5 Ncb4 21.Qxb4 Nxb4
22.Nh6+ Kh8 23.Ngf7+ Rxf7 24.Nxf7+ Kg8 25.Nd8+ Kh8 26.Re8+ Bf8 27.Rxf8+ Kg7
28.Rg8+  1-0

[Event "MTO Open"]
[Site "Biel SUI"]
[Date "2006.07.28"]
[Round "5"]
[White "Hammer,J"]
[Black "Raetsky,A"]
[Result "1-0"]
[WhiteElo "2306"]
[BlackElo "2412"]

1.e4 c5 2.Nf3 Nc6 3.Bb5 e6 4.Bxc6 bxc6 5.d3 Ne7 6.O-O Ng6 7.Ng5 e5 8.f4 Be7
9.Qh5 Bxg5 10.Qxg5 Qxg5 11.fxg5 d6 12.b3 Nf8 13.Nc3 Ne6 14.Ne2 a5 15.a4 Nd4
16.Nxd4 cxd4 17.Bd2 c5 18.Rf3 Be6 19.Raf1 Ke7 20.h4 Rhf8 21.R3f2 d5 22.exd5 Bxd5
23.h5 Kd6 24.h6 gxh6 25.Rf6+ Be6 26.Rxh6 Rh8 27.Rxf7 Kd5 28.Rff6 Rhe8 29.Rxh7 e4
30.Bf4 Rad8 31.Rhh6 exd3 32.cxd3 Rf8 33.Rxe6 Rxf4 34.Ra6 Rg4 35.Rh5 Ke5 36.g6+ Kf4
37.Kf2 Rf8 38.Re6 Rg5  1-0

[Event "Czech Open A"]
[Site "Pardubice CZE"]
[Date "2006.07.28"]
[Round "8"]
[White "Meier,Geo"]
[Black "Fedorovsky,M"]
[Result "1/2-1/2"]
[WhiteElo "2450"]
[BlackElo "2344"]

1.e4 c5 2.Nf3 Nc6 3.Bb5 g6 4.Bxc6 dxc6 5.d3 Bg7 6.h3 Nf6 7.Nc3 Nd7 8.Be3 e5
9.Qd2 Qe7 10.Bh6 f6 11.Bxg7 Qxg7 12.Qe3 b6 13.Nd2 Nf8 14.f4 exf4 15.Qxf4 Ne6
16.Qd6 Nd4 17.O-O-O Be6 18.Rhf1 Rd8 19.Qg3 O-O 20.Rf2 b5 21.Nb3 Bxb3 22.axb3 a5
23.Rdf1 Qe7 24.h4 Ra8 25.h5 g5 26.Ne2 a4 27.bxa4 Rxa4 28.Kd2 Ra2 29.Rb1 Nxe2
30.Rxe2 c4 31.dxc4 Qb4+ 32.Qc3 Rd8+ 33.Ke1 Qc5 34.Rf2 Rd4 35.Kf1 Qxc4+ 36.Qxc4+ Rxc4
37.Rxf6 Rxc2 38.h6 Ra8 39.Kg1 Rf8 40.Rbf1 Rxf6 41.Rxf6 Rxb2 42.Rxc6  1/2-1/2

[Event "10th Battle of Senta 1697 Open"]
[Site "Senta SCG"]
[Date "2006.07.28"]
[Round "9"]
[White "Nestorovic,L"]
[Black "Miljkovic,Mih"]
[Result "1/2-1/2"]
[WhiteElo "2017"]
[BlackElo "2280"]

1.e4 c5 2.Nf3 Nc6 3.Bb5 g6 4.Bxc6 bxc6 5.d3 Bg7 6.Nc3 Nh6 7.O-O f6 8.Nh4 d6
9.f4 f5 10.Nf3 fxe4 11.dxe4 O-O 12.Qe2 Kh8 13.e5 a5 14.Rd1 Qc7 15.Ne4 Nf7
16.Bd2 Bf5 17.Bc3 Bxe4 18.Qxe4 d5 19.Qd3 e6 20.g3 a4 21.b3 Ra7 22.Rab1 Rfa8
23.Kg2 Kg8 24.h4 Bh6 25.Bd2 Qe7 26.Re1 Rd7 27.g4 Bg7 28.f5 gxf5 29.gxf5 Bh6
30.Kh2 Kh8 31.Rg1 Bxd2 32.f6 Bf4+ 33.Kh1 Nxe5 34.Nxe5 Qxf6 35.Nxd7 Qxh4+
36.Kg2 Rg8+ 37.Kf3 Rg3+ 38.Rxg3 Qxg3+ 39.Ke2 Qg2+ 40.Ke1 Bg3+ 41.Kd1 Qg1+
42.Kd2 Bf4+ 43.Ke2 Qxb1 44.Qc3+ d4 45.Qxc5 Bh6 46.Qe5+ Kg8 47.Qxe6+ Kg7 48.Qf6+ Kg8
49.Qe6+ Kg7 50.Qf6+ Kg8 51.Qe6+  1/2-1/2

[Event "Summer Cup"]
[Site "Litohoro GRE"]
[Date "2006.07.29"]
[Round "8"]
[White "Svetushkin,D"]
[Black "Banikas,H"]
[Result "1-0"]
[WhiteElo "2569"]
[BlackElo "2576"]

1.e4 c5 2.Nf3 Nc6 3.Bb5 g6 4.Bxc6 bxc6 5.O-O Bg7 6.c3 Nh6 7.d4 cxd4 8.cxd4 O-O
9.Nc3 d6 10.h3 f6 11.d5 c5 12.Ne2 Nf7 13.Nf4 Qb6 14.Ne6 Bxe6 15.dxe6 Nd8
16.Nh4 Qb7 17.Qd5 f5 18.Qxb7 Nxb7 19.exf5 Bf6 20.Nf3 gxf5 21.Bh6 Rfb8 22.Rad1 Nd8
23.Rfe1 Rxb2 24.Rd5 Rab8 25.Re3 c4 26.Rxf5 Nc6 27.Re4 c3 28.Rg4+ Kh8 29.Ng5 Ne5
30.Nf7+ Nxf7 31.exf7 c2 32.Rxf6  1-0

[Event "Czech Open A"]
[Site "Pardubice CZE"]
[Date "2006.07.29"]
[Round "9"]
[White "Aveskulov,V"]
[Black "Kovalev,An"]
[Result "1/2-1/2"]
[WhiteElo "2471"]
[BlackElo "2526"]

1.e4 c5 2.Nf3 Nc6 3.Bb5 e6 4.Bxc6 bxc6 5.d3 Qc7 6.Qe2 e5 7.O-O Ne7 8.g3 d6
9.Nh4 Bh3 10.Ng2 h5 11.f4 h4 12.fxe5 hxg3 13.hxg3 Ng6 14.Na3 Nxe5 15.Bf4 Qe7
16.c3 g5 17.Bxe5 Qxe5 18.Qe3 Be7 19.Nc4 Qe6 20.Qf3 Bg4 21.Qe3 Rh3 22.e5 d5
23.Nd6+ Bxd6 24.Qxg5 Bf8 25.Nf4 Rxg3+ 26.Kh2 Rh3+ 27.Kg2 Qh6 28.Qxg4 Rh4
29.Qf5 Be7 30.Nh3 Qe6 31.Rf3 Kd7 32.Raf1 Qxf5 33.Rxf5 Rg8+ 34.Kh2 f6 35.d4 cxd4
36.cxd4 fxe5 37.dxe5 Ke6 38.R5f3 Kxe5 39.Rg3 Rxg3 40.Kxg3 Re4 41.Rf7 Ke6
42.Rh7 d4 43.Nf4+ Kd6 44.Rh6+ Kc5 45.Kf3 Re3+ 46.Kf2 Bd6 47.Ne6+ Kd5 48.Nxd4 Bf4
49.Rh4 Kxd4 50.Rxf4+ Kd3 51.Rf6 Re2+ 52.Kf3 Rxb2 53.Rd6+ Kc4 54.Rxc6+ Kb5
55.Rc8 Rxa2 56.Ke3 a5 57.Kd3 Kb4 58.Rc4+ Kb5 59.Rc8 Rh2 60.Kc3 a4  1/2-1/2

[Event "Czech Open A"]
[Site "Pardubice CZE"]
[Date "2006.07.29"]
[Round "9"]
[White "Iljin,A"]
[Black "Potapov,P"]
[Result "1/2-1/2"]
[WhiteElo "2508"]
[BlackElo "2385"]

1.e4 c5 2.Nf3 Nc6 3.Bb5 g6 4.Bxc6 dxc6 5.d3 Bg7 6.h3 Nf6 7.Nc3 Nd7 8.Be3 e5
9.Qd2 Qe7 10.O-O Nf8 11.Bh6 f6 12.Ne2 Ne6 13.Nh4 Bxh6 14.Qxh6 Qf8 15.Qd2 g5
16.Nf5 Nf4 17.Neg3 h5 18.Ne3 Be6 19.Ngf5 O-O-O 20.b3 Kb8 21.a4 h4 22.a5 Rh7
23.f3 Rhd7 24.Rfb1 Bg8 25.Kf1 Ne6 26.Qc3 Nd4 27.b4 cxb4 28.Rxb4 c5 29.Rb2 Nxf5
30.Nxf5 Be6 31.Ne3 Qd6 32.Ke2 Qd4 33.Ra3 c4 34.Qxd4 Rxd4 35.dxc4 Bxc4+ 36.Ke1 Be6
37.Ra1 Rc8 38.Rab1 Rc7 39.Rb5 Kc8 40.R1b2 Bd7 41.Rd5 Be6 42.Rdb5 Bd7 43.Rd5 Be6
44.Rdb5 Bd7 45.Rd5  1/2-1/2

[Event "Czech Open A"]
[Site "Pardubice CZE"]
[Date "2006.07.29"]
[Round "9"]
[White "Shtyrenkov,V"]
[Black "Mamedov,Rau"]
[Result "0-1"]
[WhiteElo "2424"]
[BlackElo "2561"]

1.e4 c5 2.Nf3 Nc6 3.Bb5 g6 4.O-O Bg7 5.c3 Nf6 6.Re1 O-O 7.h3 d6 8.d4 cxd4
9.cxd4 a6 10.Bf1 e5 11.Nc3 b5 12.d5 Ne7 13.b4 Bd7 14.Be3 Rc8 15.Rc1 Rxc3
16.Rxc3 Nxe4 17.Rc1 Nf6 18.Bg5 h6 19.Bxf6 Bxf6 20.Qd2 Bg7 21.a4 bxa4 22.Bxa6 Qb6
23.Bf1 Ra8 24.b5 a3 25.Qa2 Qa5 26.Nd4 exd4 27.Rxe7 Bxb5 28.Rcc7 Bxf1 29.Rxf7 Be5
30.Qb1 Bd3  0-1

[Event "15th Open A"]
[Site "Vienna AUT"]
[Date "2006.07.29"]
[Round "1"]
[White "Englisch,D"]
[Black "Beckhuis,G"]
[Result "1-0"]
[WhiteElo "2070"]
[BlackElo "2327"]

1.e4 c5 2.Nf3 Nc6 3.Bb5 e6 4.O-O Nge7 5.Re1 a6 6.Bf1 d6 7.c3 Ng6 8.d4 Be7
9.d5 exd5 10.exd5 Nce5 11.Nxe5 Nxe5 12.f4 Ng6 13.c4 O-O 14.Qh5 Bf6 15.Nc3 Bxc3
16.bxc3 Qf6 17.Bd2 Nxf4 18.Qf3 Nh3+ 19.Kh1 Nf2+ 20.Kg1 Nh3+ 21.Kh1 Qxf3 22.gxf3 Bf5
23.Re7 h6 24.Bxh3 Bxh3 25.Rg1 Kh7 26.Bf4 Rad8 27.Rxb7 g5 28.Bg3 Rfe8 29.Rxf7+ Kg6
30.Ra7 Re3 31.Rxa6 Rxc3 32.Bxd6 Kf5 33.Be7 Rb8 34.Rf6+ Ke5 35.Rxh6 Rxf3 36.Bd6+  1-0

[Event "15th Open A"]
[Site "Vienna AUT"]
[Date "2006.07.29"]
[Round "1"]
[White "Meier,V"]
[Black "Sepetavc,W"]
[Result "1-0"]
[WhiteElo "2264"]
[BlackElo "2056"]

1.e4 c5 2.Nf3 Nc6 3.Bb5 g6 4.O-O Bg7 5.c3 Nf6 6.Re1 O-O 7.h3 Qb6 8.Na3 a6
9.Ba4 Qc7 10.d4 b5 11.Bb3 Na5 12.e5 Ne8 13.Bg5 Nxb3 14.axb3 f6 15.exf6 exf6
16.Bh4 Bb7 17.dxc5 Qxc5 18.Qxd7 Bc6 19.Qe6+ Kh8 20.b4 Qd5 21.Rad1 Qxe6 22.Rxe6 Rc8
23.Nd4 Bb7 24.Rb6 Rf7 25.Ne6 Rc6 26.Rxc6 Bxc6 27.Nd8 Rc7 28.Nxc6 Rxc6 29.Rd8 Re6
30.Nc2 Kg8 31.Kf1 Kf8 32.Nd4 Re4 33.Bg3 f5 34.f3 Re3 35.Nb3 Kf7 36.Ra8 Nd6
37.Ra7+ Ke6 38.Nc5+ Kd5 39.Bxd6 Bxc3 40.bxc3 Kxd6 41.Rd7+ Kc6 42.Rd3 Re7
43.Nxa6  1-0

[Event "Sunny Pawn A"]
[Site "Illichevsk UKR"]
[Date "2006.07.30"]
[Round "10"]
[White "Zavgorodniy,S"]
[Black "Stopkin,V"]
[Result "1/2-1/2"]
[WhiteElo "2430"]
[BlackElo "2296"]

1.e4 c5 2.Nf3 Nc6 3.Bb5 g6 4.O-O Bg7 5.c3 Nf6 6.Re1 O-O 7.h3 Qb6 8.Na3 a6
9.Bf1 d5 10.e5 Ne8 11.d3 Nc7 12.Nc2 d4 13.c4 Ne6 14.Qe2 Bd7 15.Rb1 f6 16.exf6 exf6
17.Bd2 a5 18.Qd1 Nb4 19.a3 Nxc2 20.Qxc2 Bc6 21.Nh2 Qc7 22.Be2 f5  1/2-1/2

[Event "MTO Open"]
[Site "Biel SUI"]
[Date "2006.07.31"]
[Round "7"]
[White "Cherniaev,A1"]
[Black "Carron,J"]
[Result "1/2-1/2"]
[WhiteElo "2473"]
[BlackElo "2345"]

1.e4 c5 2.Nf3 Nc6 3.Bb5 g6 4.O-O Bg7 5.c3 Nf6 6.Qe2 O-O 7.d4 cxd4 8.cxd4 d5
9.e5 Ne4 10.Bxc6 bxc6 11.Be3 f6 12.Qc2 Rb8 13.Qxc6 Rxb2 14.Nc3 Bb7 15.Qe6+ Kh8
16.Na4 Rb4 17.Rab1 Bc8 18.Qc6 Rc4 19.Qb5 fxe5 20.Nxe5 Bxe5 21.dxe5 Bd7 22.Qxd5 Rxa4
23.Rbd1 Nc3 24.Qxd7 Nxd1 25.Qxa4 Nxe3 26.fxe3 Rxf1+ 27.Kxf1 Qd3+ 28.Kf2 Qd2+
29.Kf3 Qd5+ 30.Kg3 Kg7 31.Qd4 Qe6 32.a4 h5 33.h3 Qf5 34.e6+ Kh7 35.Qxa7 Qe5+
36.Kf2 Qf6+ 37.Ke2 Qb2+ 38.Kd3 Qb3+ 39.Kd4 Qb4+ 40.Kd5 Qd6+ 41.Kc4 Qxe6+
42.Kb5 Qd5+ 43.Qc5 Qb7+ 44.Kc4 Qe4+ 45.Kb3 Qb1+ 46.Ka3 Qd3+ 47.Kb4 Qe4+ 48.Kc3 Qxa4
49.Qxe7+ Kg8 50.Qe6+ Kg7 51.Qe5+ Kh7 52.Qc7+ Kh8 53.Qd8+ Kh7 54.Qe7+ Kg8
55.Qg5 Kh7 56.Kd3 Qa6+ 57.Ke4 Qc6+ 58.Kf4 Qc4+ 59.Kg3 Qe2 60.Kh2 Qe1 61.Qe7+ Kg8
62.h4 Qe2 63.Qe4 Kh7 64.Qf3 Qe1 65.Qf4 Qd2 66.Qf7+ Kh6 67.Qf6 Kh7 68.e4 Qe3
69.e5 Qd4 70.Qf7+ Kh6 71.Qf8+ Kh7 72.Qe7+ Kg8 73.Qg5 Kg7 74.Kg3 Qe4 75.Qf6+ Kh7
76.e6 Qd3+ 77.Kh2 Qd6+ 78.Kh3  1/2-1/2

[Event "Sunny Pawn Open"]
[Site "Illichevsk UKR"]
[Date "2006.07.31"]
[Round "11"]
[White "Aganesova,E"]
[Black "Kovalev,Vl"]
[Result "1/2-1/2"]
[WhiteElo "1877"]
[BlackElo "2091"]

1.e4 c5 2.Nf3 Nc6 3.Bb5 g6 4.O-O Bg7 5.Re1 e5 6.c3 Nge7 7.d4 cxd4 8.cxd4 exd4
9.Bf4 d6 10.Na3 O-O 11.Nc2 Bg4 12.h3 Bxf3 13.Qxf3 Ne5 14.Qb3 Qb6 15.Rad1 a6
16.Ba4 Qc7 17.Qg3 d3 18.Ne3 Qa5 19.Bb3 N7c6 20.Bxe5 Bxe5 21.f4 Nd4 22.Nc4 Qc5
23.Kh1 Ne2 24.Qxd3 Nxf4 25.Qf3 b5 26.Nxe5 dxe5 27.Rc1 Qe7 28.Rc6 Rfd8 29.Rd1 Rxd1+
30.Qxd1 Rd8 31.Qc2 Qg5 32.Kh2  1/2-1/2

[Event "15th Open A"]
[Site "Vienna AUT"]
[Date "2006.07.31"]
[Round "3"]
[White "Englisch,D"]
[Black "Bensch,P"]
[Result "0-1"]
[WhiteElo "2070"]
[BlackElo "2225"]

1.e4 c5 2.Nf3 Nc6 3.Bb5 d6 4.O-O Bd7 5.Re1 Nf6 6.d4 cxd4 7.Nxd4 g6 8.Nxc6 bxc6
9.Bc4 Bg7 10.Nc3 h6 11.h3 O-O 12.Bf4 Kh7 13.e5 dxe5 14.Bxe5 Bf5 15.Bb3 Qxd1
16.Raxd1 h5 17.Bd4 e6 18.Bc5 Rfc8 19.f3 g5 20.Ne4 Bxe4 21.fxe4 a5 22.Ba4 Rab8
23.b3 Rb7 24.Bf2 Rd7 25.Rxd7 Nxd7 26.Rd1 Nf6 27.Re1 Bf8 28.c4 Nd7 29.Rd1 Nc5
30.Bxc5 Bxc5+ 31.Kf1 Rc7 32.Ke2 Kg7 33.Rd8 Bb4 34.Ra8 Rd7 35.Bxc6 Rd2+ 36.Kf3 Rxa2
37.Rd8 Bc5 38.e5 Rf2+ 39.Kg3 h4+ 40.Kg4 Re2 41.Ra8 Rxe5 42.Rxa5 Kh6 43.b4 Re3  0-1

[Event "MTO Open"]
[Site "Biel SUI"]
[Date "2006.08.02"]
[Round "9"]
[White "Novikov,Ma"]
[Black "Sudakova,I"]
[Result "1/2-1/2"]
[WhiteElo "2546"]
[BlackElo "2376"]

1.e4 c5 2.Nf3 Nc6 3.Bb5 g6 4.O-O Bg7 5.c3 Nf6 6.e5 Nd5 7.d4 cxd4 8.cxd4 O-O
9.Nc3 Nc7 10.Bxc6 dxc6 11.h3 b6 12.Re1 Bb7 13.Qb3 Ne6 14.Be3 Qc7 15.a4 Rfd8
16.a5 bxa5 17.Qc4 Rd7 18.Rec1 Rad8 19.Ne4 Rd5 20.b4 axb4 21.Rxa7 Ra5 22.Rxa5 Qxa5
23.Rb1 Ba6 24.Qxb4 Qxb4 25.Rxb4 Bd3 26.Nc3 h6 27.Rb6 Rc8 28.Ne1 Bc4 29.f4 h5
30.Rb4 Bd5 31.Nd3 Bf8 32.Kf2 Nc7 33.Rb6 e6 34.g4 hxg4 35.hxg4 Ra8 36.Nb4 Bxb4
37.Rxb4 Ra3 38.Bd2 Nb5 39.Nxb5 cxb5 40.Rxb5 Rf3+ 41.Ke1 Rf1+ 42.Kxf1  1/2-1/2

[Event "Dutch Open"]
[Site "Dieren NED"]
[Date "2006.08.02"]
[Round "8"]
[White "De Groote,E"]
[Black "Roy Chowdhury,S"]
[Result "0-1"]
[WhiteElo "2180"]
[BlackElo "2394"]

1.e4 c5 2.Nf3 Nc6 3.Bb5 Qb6 4.Nc3 e6 5.Bxc6 Qxc6 6.d4 cxd4 7.Nxd4 Qc7 8.O-O a6
9.a4 b6 10.Qd3 Bb7 11.Nde2 Nf6 12.Bf4 Qc6 13.Rad1 Bc5 14.Nd4 Qc8 15.Rfe1 Be7
16.e5 Nd5 17.Nxd5 Bxd5 18.Nf5 Bf8 19.Qg3 Qb7 20.Nd6+ Bxd6 21.exd6 f6 22.Rd4 Kf7
23.c4 Bc6 24.Bd2 Bxa4 25.Rg4 Rag8 26.b3 Bc6 27.Bc3 h5 28.Rf4 Rh6 29.f3 Qb8
30.Rd1 g5 31.Rfd4 h4 32.Qf2 h3 33.g3 b5 34.f4 Ba8 35.Kf1 g4 36.c5 Rh5 37.b4 Qb7
38.Ke1 Rf5 39.R4d3 a5 40.Kd2 axb4 41.Bxb4 Qe4 42.Rd4 Qg2 43.Ke1 Bc6 44.Ra1 Qh1+  0-1

[Event "15th Open A"]
[Site "Vienna AUT"]
[Date "2006.08.02"]
[Round "5"]
[White "Englisch,D"]
[Black "Bergen,K"]
[Result "0-1"]
[WhiteElo "2070"]
[BlackElo "1997"]

1.e4 c5 2.Nf3 Nc6 3.Bb5 g6 4.O-O Nf6 5.e5 Nd5 6.Nc3 Nc7 7.Bxc6 dxc6 8.Re1 Bg7
9.Ne4 Ne6 10.d3 O-O 11.Be3 b6 12.c3 f6 13.exf6 exf6 14.Qd2 Qc7 15.d4 Rd8
16.Bh6 Qf7 17.Bxg7 Kxg7 18.Qe3 cxd4 19.Nxd4 Nxd4 20.cxd4 Be6 21.Ng5 fxg5
22.Qxe6 Qxe6 23.Rxe6 Rxd4 24.Rxc6 Rd2 25.b4 Rf8 26.Rc7+ Kh6 27.f3 Re8 28.Rxa7 Ree2
29.a4 Rxg2+ 30.Kh1 Rxh2+ 31.Kg1 g4 32.fxg4 Kg5 33.a5 bxa5 34.bxa5 Kxg4 35.Ra4+ Kg5
36.Rb7 Rdg2+ 37.Kf1 h5 38.a6 Ra2 39.Rb5+ Kh6 40.Rxa2 Rxa2 41.Rb6 h4 42.Kg1 Kh5
43.Kh1 g5 44.Kg1 h3 45.Rb3 Kh4 46.Rb4+ g4 47.Rb6 h2+ 48.Kh1 Kh3 49.Rb1 g3
50.a7  0-1

[Event "15th Open A"]
[Site "Vienna AUT"]
[Date "2006.08.02"]
[Round "5"]
[White "Fruehauf,N"]
[Black "Srienz,C"]
[Result "1-0"]
[WhiteElo "2102"]
[BlackElo "2261"]

1.e4 c5 2.Nf3 Nc6 3.Bb5 g6 4.O-O Bg7 5.Re1 e5 6.c3 Nge7 7.d3 a6 8.Ba4 b5
9.Bb3 O-O 10.Nbd2 Bb7 11.Nf1 d5 12.Qe2 d4 13.cxd4 Nxd4 14.Nxd4 exd4 15.Bg5 h6
16.Bf4 Rc8 17.Rac1 Kh7 18.Ng3 Qb6 19.h4 f5 20.exf5 Nxf5 21.Nxf5 Rxf5 22.Bg3 Qc6
23.f3 Qb6 24.Qe7 c4 25.dxc4 d3+ 26.Bf2 Qd8 27.Rcd1 Bc6 28.Rd2 Qa5 29.Bd4 Rc7
30.Bc3 Rxe7 31.Rxe7 b4 32.Rxg7+ Kh8 33.Rxg6+ Kh7 34.Rg7+ Kh8 35.Bd4 Re5 36.Re7 Qc5
37.Bxc5  1-0

[Event "15th Open A"]
[Site "Vienna AUT"]
[Date "2006.08.06"]
[Round "9"]
[White "Vokroj,R"]
[Black "Kopinits,A"]
[Result "1/2-1/2"]
[WhiteElo "2313"]
[BlackElo "2096"]

1.e4 c5 2.Nf3 Nc6 3.Bb5 g6 4.O-O Bg7 5.c3 Nf6 6.Qa4 Qc7 7.d4 cxd4 8.cxd4 Nxe4
9.d5 Nc5 10.Qh4 Ne5 11.Nxe5 Qxe5 12.Nc3 Bf6 13.Qc4 b6 14.Be3 a6 15.Ba4 Nxa4
16.Qxa4 Bb7 17.Rad1 b5 18.Qa5 O-O 19.Bd4 Qf5 20.Qc7 Bxd4 21.Rxd4 Rab8 22.Re1 e6
23.Qd6 Bxd5 24.Nxd5 exd5 25.Rxd5 Qc2 26.Rd2 Qc6 27.Qxd7 Qxd7 28.Rxd7 Rfd8
29.Ra7 Rd6 30.g3 Rc8 31.Re2 Rcd8 32.Kg2 R8d7 33.Ra8+ Rd8 34.Rxd8+ Rxd8 35.Kf3 h5
36.Rc2 Rd6 37.Ke4 Kg7 38.Ke5 Re6+ 39.Kd5 Kf6 40.Rc6 Kf5 41.Rc2 Kg4 42.b4 Kf3
43.Rc7 Rf6 44.Rc2 Re6 45.Rc7 Rf6 46.Rc2 Re6  1/2-1/2